000 00312nam a22001337a 4500
003 SGT
082 _a615.53
_bR11B
100 _aBABU, RAMESH
245 _aRASA CHANDANSU
260 _aDELHI
_bKENDRIYA AYURVEDA EVAM SIDH ANUSANDHAN PARISADH
_c2011
300 _a402+XVII
650 _aAYURVEDA
942 _2ddc
_cBK
_01
999 _c8665
_d8665